Loading...
The Basal ganglia and posture
| Main Author: | |
|---|---|
| Format: | Printed Book |
| Published: |
London, Pitman Medical Publishing Co
1967
|
| Subjects: |
| LEADER | 004490000a22001450004500 | ||
|---|---|---|---|
| 082 | |a 616.83 K7 | ||
| 100 | |a Martin, James Purdon | ||
| 245 | |a The Basal ganglia and posture | ||
| 260 | |a London, Pitman Medical Publishing Co | ||
| 260 | |c 1967 | ||
| 650 | |a Diseases | ||
| 650 | |a Nervous system | ||
| 942 | |c BK | ||
| 999 | |c 13821 |d 13821 | ||
| 952 | |0 0 |1 0 |4 0 |6 616_830000000000000_K7 |7 0 |8 ENG |9 13622 |a MGUL |b MGUL |d 2013-07-16 |l 0 |o 616.83 K7 |p 16209 |r 2013-07-16 |w 2013-07-16 |y BK | ||